Resident Evil characters - Statistics

General Stats
  • This quiz has been taken 1,034 times
  • The average score is 8 of 24
Answer Stats
Hint Answer % Correct
Chris Redfield
93%
Claire Redfield
86%
Jill Valentine
86%
Leon S. Kennedy
85%
Albert Wesker
77%
Ada Wong
72%
Rebecca Chambers
47%
Sherry Birkin
45%
Barry Burton
44%
William Birkin
33%
Ashley Graham
30%
Sheva Alomar
28%
HUNK
22%
Brad Vickers
17%
Jake Muller
17%
Jack Krauser
16%
Osmund Saddler
11%
Steve Burnside
11%
Alexia Ashford
9%
Excella Gionne
5%
Ingrid Hunnigan
4%
Oswell E. Spencer
4%
Ricardo Irving
2%
Nicholai Ginovaef
1%
No matching quizzes found
Score Distribution
Percent of People with Each Score
Percentile by Number Answered
Your Score History
You have not taken this quiz